00326nam a2200121 a 4500008004100000050001500041100002100056245005600077260002800133300002200161350000900183650001200192120416s1971 ||||||||||||||||| || u aTP 570 Mod aFindlay, W. P. K10aModern brewing technologycedited by W.P.K. Findlay aLondonbMacmillanc1971 axii, 352p. : ill. a0.00 aBREWING